00385nam a2200145Ia 4500008004100000082001700041100001800058245003200076260002400108365000700132600001800139630003200157700001800189730003200207110201s9999 xx 000 0 und d bB8545aE 336 aHaksar A.N.D. aTales From The Panchatantra bNational Book Trust b35 aHaksar A.N.D. aTales From The Panchatantra aHaksar A.N.D. aTales From The Panchatantra